banner-ar

علم النفس المرضى: دراسة فى الشخصية بين السواء والاضطرابات / (Record no. 43340)

MARC details
000 -الفاتح
حقل البيانات ثابتة الطول 00437nam a2200121Ia 4500
008 - عناصر البيانات ثابتة الطول - معلومات عامة
حقل البيانات ثابتة الطول 140319s9999 xx 000 0 ara d
040 ## - مصدر الفهرسة
وكالة الفهرسة الأصلية GCL /
وكالة النسخ GCL
082 04 - رقم تصنيف ديوى العشرى
رقم التصنيف 157.2
رقم المادة م ع
100 1# - المدخل الرئيسى - إسم شخصى
الإسم الشخصى مجدى احمد محمد عبدالله
245 10 - بيان العنوان
العنوان علم النفس المرضى: دراسة فى الشخصية بين السواء والاضطرابات /
بيان المسئوليه,etc مجدى احمد محمد عبدالله
490 ## - بيان السلسلة
عنوان السلسلة 100 قصة
رقم المجلد/ التعيين التسلسلي 0
Holdings
حالة التراجع حالة الفقد حالة تلف ليس للاعارة المكان المؤقت الموقع الحالى تاريخ الاكتساب اجمالي اﻻعارات رقم الطلب الباركود تاريخ اخر مشاهدة تاريخ تفعيل السعر نوع وعاء كوها
        مكتبة القاهرة الكبرى مكتبة القاهرة الكبرى 03/26/2014   157.2\م ع 104863 03/26/2014 03/26/2014 كتاب
        مكتبة القاهرة الكبرى مكتبة القاهرة الكبرى 03/26/2014   157.2\م ع 104864 03/26/2014 03/26/2014 كتاب
        مكتبة القاهرة الكبرى مكتبة القاهرة الكبرى 03/26/2014   157.2\م ع 104865 03/26/2014 03/26/2014 كتاب

Powered By

EGPV